Historia del siglo XX: todos los mundos, el mundo
Պահպանված է:
| Հիմնական հեղինակ: | |
|---|---|
| Ձևաչափ: | Գիրք |
| Լեզու: | իսպաներեն |
| Հրապարակվել է: |
Madrid
Cátedra
1999
|
| Հրատարակություն: | 2a. ed |
| Շարք: | Historia. Serie Mayor
|
| Խորագրեր: | |
| Ցուցիչներ: |
Ավելացրեք ցուցիչ
Չկան պիտակներ, Եղեք առաջինը, ով նշում է այս գրառումը!
|
MARC
| LEADER | 00000nam a2200000 a 4500 | ||
|---|---|---|---|
| 001 | UCN2570 | ||
| 003 | CL-VaPUC | ||
| 008 | 010530e19990000SP |||||||||||||||||spa|d | ||
| 020 | |a 8437614678 | ||
| 082 | 0 | 4 | |a 940.28 |b NOU |2 21 |
| 100 | |a Nouschi, Marc |e autor |9 458558 | ||
| 245 | 1 | 0 | |a Historia del siglo XX: todos los mundos, el mundo |
| 250 | |a 2a. ed | ||
| 300 | |a 547 p | ||
| 942 | |c BK | ||
| 945 | |d 20010530 00:00:00 |a cmena | ||
| 260 | |a Madrid |b Cátedra |c 1999 | ||
| 650 | 7 | |a HISTORIA UNIVERSAL SIGLO 20 |2 CL-VaPUC |9 361893 | |
| 650 | 0 | |a Ideologías políticas |9 255735 | |
| 650 | 0 | |a Relaciones Internacionales |9 255740 | |
| 583 | |a last modification |c 20010530 00:00:00 |k Rodrigo Vera | ||
| 490 | 0 | |a Historia. Serie Mayor | |
| 999 | |c 295628 |d 295626 | ||
| 952 | |0 0 |1 0 |4 0 |6 940_280000000000000_NOU_1999 |7 0 |8 A |9 348907 |a BIBHIS |b BIBHIS |d 2019-11-20 |i 3699838 |o 940.28 NOU 1999 |p 3699838 |r 2025-01-20 |w 2019-11-20 |y BK |k HIS | ||
| 952 | |0 0 |1 0 |4 0 |6 940_280000000000000_NOU_1999 |7 0 |8 A |9 348908 |a BIBHIS |b BIBHIS |d 2019-11-20 |i 3986209 |l 1 |o 940.28 NOU 1999 |p 3986209 |r 2025-01-20 |s 2023-07-27 |w 2019-11-20 |y BK |k HIS | ||